El desarrollo Económico de Costa Rica. Estudio No. 3 Sector Agropecuario de la economía costarricense /
El documento consiste en el número 3 de la serie Economía y Estadística Número 11, del Proyecto de Investigación del Desarrollo Económico de Costa Rica, de la Universidad de Costa Rica. En este número se analiza el sector agropecuario y su función en la economía costarricense.
Gespeichert in:
| Körperschaft: | |
|---|---|
| Format: | Text |
| Sprache: | Spanish |
| Veröffentlicht: |
Costa Rica:
Universidad de Costa Rica
1959
|
| Schriftenreihe: | Serie Economía y Estadística
|
| Schlagworte: | |
| Tags: |
Tag hinzufügen
Keine Tags, Fügen Sie den ersten Tag hinzu!
|
MARC
| LEADER | 00000 a a2200000 04500 | ||
|---|---|---|---|
| 001 | 43916 | ||
| 003 | cru CIDCACS/IIS | ||
| 005 | 20230530062546.0 | ||
| 008 | 230529e1959 cr ||||| |||| 00| 0 spa d | ||
| 020 | |a Sin ISBN | ||
| 024 | |c CRAI/IIS | ||
| 040 | |c CRAI/IIS | ||
| 090 | |a 03.02.01 U58d N.3 | ||
| 110 | |a Universidad de Costa Rica. Escuela de Ciencias Económicas y Sociales. Departamento de Investigaciones. Proyecto de Investigación | ||
| 245 | |a El desarrollo Económico de Costa Rica. Estudio No. 3 |b Sector Agropecuario de la economía costarricense / |c Universidad de Costa Rica. Escuela de Ciencias Económicas y Sociales. Departamento de Investigaciones. Proyecto de Investigación | ||
| 260 | |a Costa Rica: |b Universidad de Costa Rica |c 1959 | ||
| 300 | |a 107 páginas | ||
| 440 | |a Serie Economía y Estadística |n No.7 |9 11366 | ||
| 505 | |a Proyecto de Investigación del Desarrollo Económico de Costa Rica | ||
| 520 | |a El documento consiste en el número 3 de la serie Economía y Estadística Número 11, del Proyecto de Investigación del Desarrollo Económico de Costa Rica, de la Universidad de Costa Rica. En este número se analiza el sector agropecuario y su función en la economía costarricense. | ||
| 650 | |a SECTOR PUBLICO | ||
| 650 | 0 | |a ECONOMIA |9 143 | |
| 650 | |a RECURSOS HUMANOS | ||
| 650 | |a GASTOS PUBLICOS | ||
| 650 | |a DEUDA | ||
| 650 | |a COSTA RICA | ||
| 942 | |2 ddc |c LITG |h 03.02.01 U58d N.3 |i 13144 |6 030201_U58D_N3_13144 | ||
| 999 | |c 44996 |d 44996 | ||
